Name the Famous Actor by Their Most Famous Movie and TV Show - Statistics

General Stats
  • This quiz has been taken 47 times
  • The average score is 24 of 100
Answer Stats
Movie TV Actor % Correct
Legally Blonde Big Little Lies Reese Witherspoon
79%
Oceans 11 ER George Clooney
76%
Barbie Pan Am Margot Robbie
67%
Men In Black The Fresh Prince of Bel-Air Will Smith
67%
Frozen The Good Place Kristen Bell
61%
So Undercover Hannah Montana Miley Cyrus
61%
Just Go With It Friends Jennifer Anniston
55%
The Devil Wears Prada Only Murders in the Bulding Meryl Streep
52%
The Notebook Breaker High Ryan Gosling
52%
Jennifer's Body New Girl Megan Fox
48%
Back to the Future The Good Wife Michael J. Fox
48%
Ted That 70's Show Mila Kunis
45%
21 Jump Street Maniac Jonah Hill
42%
Bridesmaids Gilmore Girls Melissa McCarthy
42%
Mean Girls True Detective Rachel McAdams
42%
We're the Millers Scream Queens Emma Roberts
39%
A Quiet Place The Office John Krasinski
39%
Parent Trap Ugly Betty Lindsay Lohan
39%
Interstellar True Detective Matthew McConaughey
39%
Princess Protection Program Only Murders in the Bulding Selena Gomez
39%
Barbie Superstore America Ferrera
36%
The Princess Diaries Modern Love Anne Hathaway
36%
Your Place or Mine That 70's Show Ashton Kutcher
36%
(500) Days of Summer New Girl Zooey Deschanel
36%
We're the Millers Ted Lasso Jason Sudeikis
33%
Knocked Up Grey's Anatomy Katherine Heigl
33%
Superbad Arrested Development Michael Cera
33%
Eyes Wide Shut Big Little Lies Nicole Kidman
33%
Scooby Doo Buffy the Vampire Slayer Sarah Michelle Geller
33%
Jennifer's Body The Dropout Amanda Seyfried
30%
That's My Boy Brooklyn Nine-Nine Andy Samberg
30%
The Social Network Fleishman is in Trouble Jesse Eisenberg
30%
Scooby Doo Freaks and Geeks Linda Cardellini
30%
Twilight Robessessed Robert Pattinson
30%
The 40-Year-Old Virgin The Office Steve Carell
30%
Anyone But You Euphoria Sydney Sweeney
30%
High School Musical The Suite Life of Zack and Cody Zac Efron
30%
High School Musical Young and Hungry Ashley Tisdale
27%
A Quiet Place The English Emily Blunt
27%
Hidden Figures The Big Bang Theory Jim Parsons
27%
Twilight Living for the Dead Kristen Stewart
27%
The Blind Side Emily in Paris Lily Collins
27%
Pretty in Pink Riverdale Molly Ringwald
27%
Grown Ups Brooklyn Nine-Nine Adam Sandler
24%
Five Feet Apart Riverdale Cole Sprouse
24%
Scream Friends Courtney Cox
24%
Hot Pursuit Modern Family Sofia Vergara
24%
16 Wishes Insatiable Debby Ryan
21%
The Hating Game Pretty Little Liars Lucy Hale
21%
Tangled This is Us Mandy Moore
21%
Love Hard The Vampire Diaries Nina Dobrev
21%
Geek Charming Modern Family Sarah Hyland
21%
Descendants Liv and Maddie Dove Cameron
18%
The Kissing Booth Euphoria Jacob Elordi
18%
Game Night Arrested Development Jason Bateman
18%
The Kissing Booth The Act Joey King
18%
Scooby Doo Good Girls Matthew Lillard
18%
Superbad Freaks and Geeks Seth Rogen
18%
High School Musical The Suite Life of Zack and Cody Vanessa Hudgens
18%
Zeroville Freaks and Geeks James Franco
15%
Monk The Hunger Games Jennifer Lawrence
15%
The Hate U Give Riverdale KJ Apa
15%
Bridesmaids Platonic Rose Byrne
15%
Lemonade Mouth Good Luck Charlie Bridget Mendler
12%
Upgraded Riverdale Camila Mendes
12%
Mamma Mia The Good FIght Christine Baranski
12%
Anyone But You Scream Queens Glen Powell
12%
Look Both Ways Riverdale Lily Reinhart
12%
Once Upon a Time in Hollywood The Maid Margaret Qualley
12%
Senior Year Pitch Perfect Rebel Wilson
12%
Cyberbully Young Sheldon Emily Osment
9%
It Stranger Things Finn WolfHard
9%
Pretty in Pink Boston Legal James Spader
9%
Buddy Games Supernatural Jensen Ackles
9%
The Lost Boys Designated Survivor Keifer Sutherland
9%
The Girl on the Train Orange is the New Black Laura Prepon
9%
The Parent Trap Abbott Elementary Lisa Ann Walter
9%
F The Prom Riverdale Madelaine Petsch
9%
Do Revenge Stranger Things Maya Hawke
9%
Massive Talent How I Met Your Mother Neil Patrick Harris
9%
The Hate U Give Girl Meets World Sabrina Carpenter
9%
The Break-up True Detective Vince Vaughn
9%
Pitch Perfect Workaholics Adam DeVine
6%
13 Going on 30 Pretty Little Liars Ashley Benson
6%
Bottoms The Bear Ayo Edebiri
6%
After the Ball Sex and the City Chris Noth
6%
The Parent Trap Merry Happy Whatever Dennis Quaid
6%
Tusk New Girl Justin Long
6%
Tusk The Idol Lily Rose Depp
6%
He Went That Way Suits Patrick J. Adams
6%
Crush Girl Meets World Rowan Blanchard
6%
Waves This is Us Sterling K. Brown
6%
Entergalactic Little Women Timothee Chalamet
6%
Let it Shine Everybody Hates Chris Tyler James Williams
6%
The Hate U Give Sleepy Hollow Amandla Stenberg
3%
White Chicks Girls5Eva Busy Philipps
3%
Chips Parenthood Dax Sheperd
3%
Ted Entourage Mark Whalberg
3%
Seize Them Derry Girls Nicola Coughlan
3%
Doula Pretty Little Liars Troian Bellasario
3%
No matching quizzes found
Score Distribution
Percent of People with Each Score
Percentile by Number Answered
Your Score History
You have not taken this quiz